[Event "ODJM A 2019"]
[Site "Willingen GER"]
[Date "2019.06.11"]
[Round "4"]
[White "Muckle, Richard"]
[Black "Khachatryan, Taron"]
[Result "1/2-1/2"]
[Termination "normal"]
[Board "26"]
[WhiteElo "2057"]
[BlackElo "1900"]
[PlyCount "220"]
[WhiteFideId "12942553"]
[BlackFideId "16216598"]
[EventCountry "GER"]
[EventRounds "9"]
[EventType "swiss"]
[EventDate "2019.06.08"]

1. d4 Nf6 2. g3 e6 3. Bg2 d5 4. Nf3 c5 5. O-O Nc6 6. c3 b6 7. Bg5 Bb7 8. Nbd2
cxd4 9. Nxd4 Be7 10. N2b3 O-O 11. Nxc6 Bxc6 12. Nd4 Bb7 13. Qa4 Qc7 14. Rfe1 a6
15. Rad1 h6 16. Bxf6 Bxf6 17. e3 Rad8 18. Qb3 Qc5 19. Rd2 Rfe8 20. Red1 g6 21.
Nc2 Qc7 22. Qb4 Bg5 23. c4 dxc4 24. Rxd8 Rxd8 25. Rxd8+ Bxd8 26. Bxb7 Qxb7 27.
Qxc4 Bf6 28. b3 b5 29. Qd3 Qc7 30. Kf1 Qc6 31. Ke2 Qc5 32. Qe4 Kg7 33. h4 h5
34. Qd3 Kg8 35. Kd2 Qc6 36. Ne1 Be7 37. Qc3 Qd6+ 38. Nd3 Qa3 39. Qc2 Qa5+ 40.
Ke2 Bd6 41. Ne1 Qa3 42. Nf3 Be7 43. Ne5 Kg7 44. Kf1 Bf6 45. Nd3 Qd6 46. a4 bxa4
47. bxa4 Qd5 48. Kg1 Qe4 49. Qb3 Qg4 50. Kf1 Qh3+ 51. Ke2 Qg4+ 52. Kd2 Qe4 53.
Qb4 Qd5 54. e4 Qa2+ 55. Ke3 Qa1 56. Qc4 a5 57. Kf3 Qh1+ 58. Ke2 Qa1 59. Nf4 Bc3
60. Qc7 Qc1 61. Kf3 Qh1+ 62. Ke3 Qe1+ 63. Kd3 Qd2+ 64. Kc4 Qd4+ 65. Kb5 Qb4+
66. Ka6 Kf8 67. f3 Bd4 68. Qc6 Bf6 69. Qc8+ Kg7 70. Qd7 Qc4+ 71. Kxa5 Bc3+ 72.
Kb6 Qb4+ 73. Qb5 Qd6+ 74. Qc6 Qb4+ 75. Ka6 Qa5+ 76. Kb7 Qb4+ 77. Qb5 Qe7+ 78.
Kc6 Qe8+ 79. Kc5 Qc8+ 80. Qc6 Qf8+ 81. Kc4 Qb4+ 82. Kd3 Qd4+ 83. Ke2 Qd2+ 84.
Kf1 Qe1+ 85. Kg2 Qd2+ 86. Kh3 Qe1 87. Kh2 Be5 88. Qc2 Bxf4 89. gxf4 Qxh4+ 90.
Kg2 Qxf4 91. Qc3+ e5 92. Qe1 h4 93. Qf2 g5 94. a5 g4 95. fxg4 Qxe4+ 96. Kh2 Qa4
97. Qd2 Qa3 98. Qg5+ Kf8 99. Qh6+ Ke7 100. Qxh4+ Kd7 101. Qe1 e4 102. Qd2+ Qd3
103. Qf4 Qc2+ 104. Kg3 Qc3+ 105. Kf2 e3+ 106. Kf3 Qxa5 107. Qxf7+ Kd8 108. Kxe3
Qe1+ 109. Kd4 Qd1+ 110. Ke5 Qxg4 1/2-1/2

[Event "ODJM A 2019"]
[Site "Willingen GER"]
[Date "2019.06.11"]
[Round "4"]
[White "Grund, Sebastian"]
[Black "Behringer, Tom"]
[Result "1/2-1/2"]
[Termination "normal"]
[Board "27"]
[WhiteElo "2051"]
[BlackElo "1766"]
[PlyCount "125"]
[WhiteFideId "12988626"]
[BlackFideId "16203496"]
[EventCountry "GER"]
[EventRounds "9"]
[EventType "swiss"]
[EventDate "2019.06.08"]

1. d4 Nf6 2. Nf3 c5 3. d5 e6 4. c4 exd5 5. cxd5 d6 6. Nc3 g6 7. e4 Bg7 8. Nd2
O-O 9. Be2 Re8 10. O-O Na6 11. h3 Nc7 12. a4 a6 13. Qc2 Rb8 14. a5 Bd7 15. Nc4
Bb5 16. Re1 Qe7 17. Bg5 h6 18. e5 hxg5 19. exd6 Qd7 20. dxc7 Qxc7 21. Nb6 Bxe2
22. Rxe2 Nd7 23. Nca4 Bd4 24. Rae1 Ne5 25. Qb3 Rbd8 26. Qg3 f6 27. Nc3 Qf7 28.
Kh1 Nd7 29. Nxd7 Qxd7 30. Ne4 Kf7 31. Nd6+ Qxd6 32. Qxd6 Rxd6 33. Rxe8 Be5 34.
Rb8 Rd7 35. Rh8 Kg7 36. Re8 Kf7 37. Rh8 Kg7 38. Re8 Kf7 39. Re6 Rxd5 40. Rb6
Rd7 41. g3 Bd4 42. Kg2 c4 43. Rb4 c3 44. b3 Be5 45. Rc1 f5 46. Rc4 Ke6 47. Re1
Kf6 48. f4 Rd2+ 49. Kf3 gxf4 50. gxf4 Bd4 51. Re2 Rd3+ 52. Kg2 Be3 53. Kf1 Bd2
54. Re8 Rf3+ 55. Ke2 Rxf4 56. Rxf4 Bxf4 57. Kd3 Be5 58. Rf8+ Ke7 59. Rg8 Kf7
60. Rd8 Ke6 61. Rg8 Kf7 62. Rd8 Ke6 63. Rg8 1/2-1/2

[Event "ODJM A 2019"]
[Site "Willingen GER"]
[Date "2019.06.11"]
[Round "4"]
[White "Kracht, Raphael"]
[Black "Baumann, Marcel"]
[Result "1-0"]
[Termination "normal"]
[Board "28"]
[WhiteElo "1976"]
[BlackElo "1866"]
[PlyCount "55"]
[WhiteFideId "16214382"]
[BlackFideId "12974668"]
[EventCountry "GER"]
[EventRounds "9"]
[EventType "swiss"]
[EventDate "2019.06.08"]

1. e4 d5 2. exd5 Qxd5 3. Nc3 Qd6 4. d4 Nf6 5. Nf3 c6 6. Ne5 Bf5 7. Bf4 Ng4 8.
Bc4 Nxe5 9. Bxe5 Qb4 10. Bb3 Nd7 11. Bc7 e6 12. O-O Rc8 13. a3 Qe7 14. Bg3 Nb6
15. Re1 Qd7 16. Be5 Nd5 17. Ne2 f6 18. Bg3 Bd6 19. c4 Nc7 20. d5 cxd5 21. Ba4
b5 22. cxb5 O-O 23. b6 Nb5 24. Bxd6 Qxd6 25. Bxb5 Qxb6 26. Nd4 Be4 27. Bd7 Rc4
28. Rxe4 1-0

[Event "ODJM A 2019"]
[Site "Willingen GER"]
[Date "2019.06.11"]
[Round "4"]
[White "Leser, Katrin"]
[Black "Pepi, Lucas"]
[Result "1-0"]
[Termination "normal"]
[Board "30"]
[WhiteElo "2036"]
[BlackElo "1918"]
[PlyCount "25"]
[WhiteFideId "12997692"]
[BlackFideId "12944920"]
[EventCountry "GER"]
[EventRounds "9"]
[EventType "swiss"]
[EventDate "2019.06.08"]

1. e4 e5 2. Nf3 Nc6 3. Bb5 Nf6 4. d3 Bc5 5. Bxc6 bxc6 6. Nxe5 Qe7 7. Nf3 d5 8.
e5 Ba6 9. O-O Nd7 10. Re1 O-O 11. d4 Bb6 12. a4 Ba5 13. c3 1-0

[Event "ODJM A 2019"]
[Site "Willingen GER"]
[Date "2019.06.11"]
[Round "4"]
[White "Paeslack, Luis"]
[Black "Noever, Niklas"]
[Result "1/2-1/2"]
[Termination "normal"]
[Board "32"]
[WhiteElo "2014"]
[BlackElo "1762"]
[PlyCount "65"]
[WhiteFideId "12987760"]
[BlackFideId "12988642"]
[EventCountry "GER"]
[EventRounds "9"]
[EventType "swiss"]
[EventDate "2019.06.08"]

1. d4 d5 2. c4 e6 3. Nc3 Nf6 4. cxd5 exd5 5. Bg5 Nbd7 6. Nf3 Be7 7. e3 c6 8.
Qc2 h6 9. Bh4 Nh5 10. Bxe7 Qxe7 11. Be2 Nb6 12. Ne5 Nf6 13. O-O O-O 14. Rab1 a5
15. b3 Nfd7 16. Nd3 f5 17. Nf4 Rf6 18. Bd3 Nf8 19. Nce2 Bd7 20. Rfc1 Nc8 21.
Qc5 Nd6 22. a3 Qf7 23. Ng3 Ne4 24. Qb6 Be6 25. Ngh5 Rg6 26. Nxg6 Nxg6 27. Bxe4
fxe4 28. Qc5 Rf8 29. Rf1 Nh4 30. Qd6 Qg6 31. Ng3 Nxg2 32. Qe5 Nh4 33. Qh5
1/2-1/2

[Event "ODJM A 2019"]
[Site "Willingen GER"]
[Date "2019.06.11"]
[Round "4"]
[White "Weigand, Anton"]
[Black "Rothenberg, Jannik"]
[Result "0-1"]
[Termination "normal"]
[Board "33"]
[WhiteElo "1889"]
[BlackElo "1795"]
[PlyCount "62"]
[WhiteFideId "16221915"]
[BlackFideId "16204743"]
[EventCountry "GER"]
[EventRounds "9"]
[EventType "swiss"]
[EventDate "2019.06.08"]

1. e4 e6 2. d4 d5 3. exd5 exd5 4. Nf3 Bd6 5. Bd3 Ne7 6. O-O Nbc6 7. c3 Bg4 8.
Re1 Qd7 9. Bg5 f6 10. Bh4 O-O-O 11. Nbd2 g5 12. Bg3 h5 13. Qc2 h4 14. Bxd6 Qxd6
15. b4 Bxf3 16. Nxf3 Kb8 17. b5 Na5 18. Qe2 Nc8 19. Qe6 Qf4 20. Qe3 Qd6 21. Qe6
Qf4 22. Qf5 Qxf5 23. Bxf5 Nd6 24. Bd3 Nac4 25. a4 g4 26. Nxh4 Rxh4 27. Re6 Rdh8
28. Rae1 Rxh2 29. Kf1 Rh1+ 30. Ke2 Rxe1+ 31. Kxe1 Re8 0-1

[Event "ODJM A 2019"]
[Site "Willingen GER"]
[Date "2019.06.11"]
[Round "4"]
[White "Jenner, Meikel"]
[Black "Bajorski, Marius"]
[Result "1/2-1/2"]
[Termination "normal"]
[Board "35"]
[WhiteElo "1797"]
[BlackElo "1967"]
[PlyCount "76"]
[WhiteFideId "16245342"]
[BlackFideId "12938831"]
[EventCountry "GER"]
[EventRounds "9"]
[EventType "swiss"]
[EventDate "2019.06.08"]

1. e4 c5 2. d4 cxd4 3. c3 dxc3 4. Nxc3 Nc6 5. Nf3 e6 6. Bc4 a6 7. O-O Nge7 8.
Bg5 f6 9. Be3 b5 10. Bb3 Ng6 11. Qe2 Bd6 12. Rfd1 Qc7 13. Rac1 Qb8 14. Qd2 Be7
15. Ne2 Nce5 16. Nxe5 fxe5 17. Ng3 Nf4 18. a3 g6 19. Ne2 O-O 20. g3 Nxe2+ 21.
Qxe2 Bd8 22. Bc5 Rf6 23. Bd6 Qa7 24. Bxe5 Rf8 25. Bd4 Bb6 26. Qe3 Rb8 27. Bxb6
Qxb6 28. Qxb6 Rxb6 29. e5 Kf7 30. f4 Ke7 31. Kf2 Bb7 32. Ke3 Rd8 33. Rc7 Ba8
34. Rdc1 Bc6 35. Bc2 Rdb8 36. Be4 Kd8 37. Ra7 Bxe4 38. Kxe4 R8b7 1/2-1/2

[Event "ODJM A 2019"]
[Site "Willingen GER"]
[Date "2019.06.11"]
[Round "4"]
[White "Bender, Felix"]
[Black "Yaroshenko, Yaroslav"]
[Result "1-0"]
[Termination "normal"]
[Board "36"]
[WhiteElo "1678"]
[BlackElo "1761"]
[PlyCount "87"]
[WhiteFideId "16215656"]
[BlackFideId "16204905"]
[EventCountry "GER"]
[EventRounds "9"]
[EventType "swiss"]
[EventDate "2019.06.08"]

1. e4 g6 2. d4 Bg7 3. Nc3 d6 4. Be3 Nd7 5. Qd2 e5 6. dxe5 dxe5 7. O-O-O Ngf6 8.
f3 O-O 9. h4 Qe7 10. g4 Nb6 11. Qf2 Rd8 12. Rxd8+ Qxd8 13. Nh3 Be6 14. b3 Bf8
15. Ng5 Qe7 16. Kb1 Rd8 17. Be2 Qb4 18. Nxe6 fxe6 19. Rd1 Rxd1+ 20. Nxd1 Na4
21. Bc4 Kf7 22. Bd2 Qb6 23. Qxb6 Nxb6 24. Ne3 Nxc4 25. Nxc4 Nd7 26. Bc3 Bd6 27.
Kb2 b5 28. Nxd6+ cxd6 29. Ka3 d5 30. Kb4 dxe4 31. fxe4 a6 32. Ka5 Nc5 33. Bxe5
Ke7 34. Bd4 Nxe4 35. Kxa6 Nd6 36. Bc5 e5 37. Bxd6+ Kxd6 38. Kxb5 Kd5 39. a4 e4
40. a5 e3 41. a6 e2 42. a7 e1=Q 43. a8=Q+ Kd4 44. Qd8+ 1-0

[Event "ODJM A 2019"]
[Site "Willingen GER"]
[Date "2019.06.11"]
[Round "4"]
[White "Helmer, Jan"]
[Black "Uhlendorff, Luca"]
[Result "1-0"]
[Termination "normal"]
[Board "37"]
[WhiteElo "1900"]
[BlackElo "1735"]
[PlyCount "71"]
[WhiteFideId "12956686"]
[BlackFideId "16221923"]
[EventCountry "GER"]
[EventRounds "9"]
[EventType "swiss"]
[EventDate "2019.06.08"]

1. Nf3 Nf6 2. d4 d5 3. e3 Bf5 4. c4 e6 5. Qb3 Nc6 6. c5 a6 7. Qxb7 Na5 8. Qb4
Nc6 9. Qa4 Qd7 10. Bb5 axb5 11. Qxa8+ Ke7 12. Ne5 Nxe5 13. dxe5 Ng4 14. c6 Qd8
15. Qxd8+ Kxd8 16. f4 Bc5 17. Ke2 h5 18. Bd2 h4 19. b4 Bb6 20. Nc3 Ke7 21. h3
Nh6 22. Be1 d4 23. Bxh4+ f6 24. Nxb5 d3+ 25. Kd2 Be4 26. exf6+ gxf6 27. Nc3
Bxc6 28. e4 Rd8 29. e5 Rd4 30. exf6+ Kf7 31. Bf2 Rxb4 32. Bxb6 Rb2+ 33. Kxd3
cxb6 34. Rhb1 Rxg2 35. Rxb6 Bf3 36. Re1 1-0

[Event "ODJM A 2019"]
[Site "Willingen GER"]
[Date "2019.06.11"]
[Round "4"]
[White "Reucker, Friedrich"]
[Black "Kratz, Alexander"]
[Result "0-1"]
[Termination "normal"]
[Board "38"]
[WhiteElo "1939"]
[BlackElo "1741"]
[PlyCount "72"]
[WhiteFideId "12993670"]
[BlackFideId "16228529"]
[EventCountry "GER"]
[EventRounds "9"]
[EventType "swiss"]
[EventDate "2019.06.08"]

1. d4 g6 2. c4 Bg7 3. Nc3 d6 4. e4 Nd7 5. Nf3 e5 6. d5 Ne7 7. Be2 O-O 8. O-O f5
9. Nd2 Nf6 10. f3 f4 11. Rb1 g5 12. b4 h5 13. c5 h4 14. h3 Nh5 15. Rf2 Ng3 16.
Nc4 a6 17. cxd6 cxd6 18. a4 Bd7 19. Nxd6 Qc7 20. Nc4 Nxe2+ 21. Qxe2 Rac8 22. d6
Qxc4 23. Qxc4+ Rxc4 24. dxe7 Rfc8 25. Bd2 Be6 26. a5 Kf7 27. Na4 R8c7 28. Nb6
Rd4 29. b5 axb5 30. Rxb5 Kxe7 31. Bb4+ Ke8 32. Rd2 Bf6 33. Rxd4 exd4 34. Bd6
Rc1+ 35. Kf2 d3 36. Bb4 Bd4# 0-1

[Event "ODJM A 2019"]
[Site "Willingen GER"]
[Date "2019.06.11"]
[Round "4"]
[White "Kamp, Adrian"]
[Black "Struck, Lasse"]
[Result "1/2-1/2"]
[Termination "normal"]
[Board "39"]
[WhiteElo "1865"]
[BlackElo "1770"]
[PlyCount "78"]
[WhiteFideId "16222466"]
[BlackFideId "16255623"]
[EventCountry "GER"]
[EventRounds "9"]
[EventType "swiss"]
[EventDate "2019.06.08"]

1. e4 e6 2. d4 d5 3. Nd2 c5 4. exd5 Qxd5 5. Ngf3 cxd4 6. Bc4 Qd6 7. O-O Nf6 8.
Nb3 Nc6 9. Nbxd4 Nxd4 10. Nxd4 a6 11. Re1 Be7 12. c3 O-O 13. Qf3 Qc7 14. Bd3
Bd6 15. h4 Bd7 16. Bg5 Bc6 17. Nxc6 Qxc6 18. Qxc6 bxc6 19. Bxf6 gxf6 20. Rad1
Rfd8 21. Be4 Rab8 22. b3 c5 23. Rd3 f5 24. Red1 Rb6 25. Bf3 Kf8 26. Kf1 Ke7 27.
Ke2 Bc7 28. Rxd8 Bxd8 29. Rd3 Rd6 30. b4 Rxd3 31. Kxd3 cxb4 32. cxb4 Kd6 33.
Bb7 a5 34. Kc4 axb4 35. Kxb4 Bxh4 36. f3 Kc7 37. Ba8 Kb6 38. Kc4 Bf2 39. a4 h5
1/2-1/2

[Event "ODJM A 2019"]
[Site "Willingen GER"]
[Date "2019.06.11"]
[Round "4"]
[White "Klugstedt, Vincent C."]
[Black "Martin, Richard"]
[Result "1-0"]
[Termination "normal"]
[Board "40"]
[WhiteElo "1827"]
[BlackElo "1951"]
[PlyCount "45"]
[WhiteFideId "16216393"]
[BlackFideId "12925691"]
[EventCountry "GER"]
[EventRounds "9"]
[EventType "swiss"]
[EventDate "2019.06.08"]

1. d4 d5 2. c4 c6 3. cxd5 cxd5 4. Nf3 Nf6 5. Bf4 e6 6. e3 Bb4+ 7. Nc3 Qa5 8.
Qb3 Ne4 9. Rc1 Bd7 10. a3 Bxc3+ 11. bxc3 Nc6 12. Bd3 Nd8 13. O-O Rc8 14. c4
dxc4 15. Rxc4 Rxc4 16. Qxc4 Nd2 17. Nxd2 Qxd2 18. Bd6 b5 19. Qxb5 f6 20. Qh5+
Nf7 21. Rb1 g6 22. Rb8+ Bc8 23. Qb5+ 1-0

[Event "ODJM A 2019"]
[Site "Willingen GER"]
[Date "2019.06.11"]
[Round "4"]
[White "Dornieden, Jonas"]
[Black "Kesselmeier, Kevin"]
[Result "1/2-1/2"]
[Termination "normal"]
[Board "41"]
[WhiteElo "1864"]
[BlackElo "1937"]
[PlyCount "67"]
[WhiteFideId "1336460"]
[BlackFideId "16217551"]
[EventCountry "GER"]
[EventRounds "9"]
[EventType "swiss"]
[EventDate "2019.06.08"]

1. d4 d5 2. c4 e6 3. Nc3 Bb4 4. e3 Nf6 5. Bd2 O-O 6. Bd3 dxc4 7. Bxc4 c5 8. Nf3
Nc6 9. dxc5 Qa5 10. a3 Qxc5 11. Qe2 Bxc3 12. Bxc3 Ne4 13. Rc1 Bd7 14. Bd3 Nxc3
15. Rxc3 Qe7 16. O-O Rfc8 17. Rd1 Rc7 18. b4 Rac8 19. Rc4 a6 20. Rdc1 Be8 21.
R1c3 Na7 22. Bxh7+ Kh8 23. Bd3 Nb5 24. Nd4 Qf6 25. Nxb5 Rxc4 26. Rxc4 Rxc4 27.
Bxc4 axb5 28. Bxb5 Bxb5 29. Qxb5 Qa1+ 30. Qf1 Qxa3 31. Qb1 b5 32. h3 Qc3 33. g3
f5 34. Kg2 1/2-1/2

[Event "ODJM A 2019"]
[Site "Willingen GER"]
[Date "2019.06.11"]
[Round "4"]
[White "Gallasch, Robin"]
[Black "Pahl, Theis"]
[Result "1-0"]
[Termination "normal"]
[Board "42"]
[WhiteElo "1889"]
[BlackElo "2029"]
[PlyCount "107"]
[WhiteFideId "16222423"]
[BlackFideId "16201264"]
[EventCountry "GER"]
[EventRounds "9"]
[EventType "swiss"]
[EventDate "2019.06.08"]

1. d4 Nf6 2. c4 g6 3. Nc3 d5 4. cxd5 Nxd5 5. Bd2 Bg7 6. e4 Nxc3 7. Bxc3 c5 8.
d5 O-O 9. Qd2 e6 10. Bc4 Re8 11. Ne2 exd5 12. Bxd5 Nd7 13. Rd1 Qe7 14. O-O Nf6
15. Rfe1 Be6 16. Bxe6 Qxe6 17. f3 Re7 18. Nf4 Qc6 19. Qd6 Qxd6 20. Rxd6 Ne8 21.
Rd5 Bxc3 22. bxc3 b6 23. Red1 Nc7 24. Rd7 Rxd7 25. Rxd7 Nb5 26. Nd5 Na3 27. Kf2
b5 28. Ke3 a5 29. Rc7 c4 30. Rb7 b4 31. Kd4 Rd8 32. f4 Kg7 33. g4 Rc8 34. f5
Nc2+ 35. Ke5 bxc3 36. f6+ Kf8 37. Nxc3 Re8+ 38. Kf4 Nd4 39. Ra7 Ne6+ 40. Ke3
Nc5 41. Rxa5 Nd7 42. g5 Ne5 43. h3 h6 44. h4 Kg8 45. Ra7 Rd8 46. Nd5 Kf8 47.
Re7 Nc6 48. gxh6 Kg8 49. h7+ Kxh7 50. Rxf7+ Kh6 51. Rc7 Ne5 52. Kd4 Nf3+ 53.
Kxc4 Nxh4 54. e5 1-0

[Event "ODJM A 2019"]
[Site "Willingen GER"]
[Date "2019.06.11"]
[Round "4"]
[White "Fröhlich, Franziska"]
[Black "Kemper, Yannick"]
[Result "1-0"]
[Termination "normal"]
[Board "43"]
[WhiteElo "1820"]
[BlackElo "1856"]
[PlyCount "59"]
[WhiteFideId "12988596"]
[BlackFideId "12977470"]
[EventCountry "GER"]
[EventRounds "9"]
[EventType "swiss"]
[EventDate "2019.06.08"]

1. e4 c5 2. c3 d5 3. exd5 Qxd5 4. d4 g6 5. Nf3 Bg7 6. Be3 Nf6 7. h3 O-O 8. Be2
cxd4 9. Qxd4 Nc6 10. Qxd5 Nxd5 11. Bd2 Bf5 12. O-O a6 13. a4 Na5 14. Na3 Nb3
15. Rad1 Nxd2 16. Rxd2 Nf6 17. Nc4 Bh6 18. Rd4 Rfd8 19. Rfd1 Rxd4 20. Nxd4 Bd7
21. Nb6 Rd8 22. Nb3 Kf8 23. Nc5 Ke8 24. Nbxd7 Nxd7 25. Nxb7 Rb8 26. Bxa6 Bf4
27. c4 Bc7 28. c5 Ne5 29. b4 Nc6 30. Bb5 1-0

[Event "ODJM A 2019"]
[Site "Willingen GER"]
[Date "2019.06.11"]
[Round "4"]
[White "Flach, Helene"]
[Black "Gluma, Christian"]
[Result "1/2-1/2"]
[Termination "normal"]
[Board "44"]
[WhiteElo "1829"]
[BlackElo "1741"]
[PlyCount "116"]
[WhiteFideId "12929735"]
[BlackFideId "16223209"]
[EventCountry "GER"]
[EventRounds "9"]
[EventType "swiss"]
[EventDate "2019.06.08"]

1. e4 g6 2. d4 Bg7 3. Nf3 c6 4. Bd3 d5 5. e5 Nh6 6. Nbd2 f6 7. exf6 exf6 8. O-O
O-O 9. Re1 Bf5 10. Nf1 Bxd3 11. Qxd3 Nf5 12. Bf4 Na6 13. Ng3 Nxg3 14. Bxg3 Qd7
15. Re2 Rae8 16. Rae1 Kf7 17. c3 Rxe2 18. Qxe2 Re8 19. Qxe8+ Qxe8 20. Rxe8 Kxe8
21. Ne1 Bh6 22. Nd3 Kd7 23. Kf1 b6 24. f3 Nc7 25. Ke2 a5 26. a4 Ne8 27. b3 Ng7
28. h3 Nf5 29. Bf2 Bf8 30. g4 Ng7 31. Bg3 Ne6 32. h4 Bd6 33. Bxd6 Kxd6 34. Ke3
c5 35. Ne1 Ng7 36. Nc2 Kc6 37. Ne1 Ne6 38. Nc2 h6 39. Ne1 b5 40. Nc2 c4 41.
axb5+ Kb6 42. bxc4 dxc4 43. Na3 Nc7 44. Kd2 Nd5 45. Nxc4+ Kxb5 46. Nd6+ Kc6 47.
Ne4 f5 48. gxf5 gxf5 49. Ng3 Ne7 50. Kd3 f4 51. Ne2 Nf5 52. h5 Nh4 53. Nxf4
Nxf3 54. c4 a4 55. Kc3 a3 56. d5+ Kd6 57. Nd3 a2 58. Kb2 Nd2 1/2-1/2

[Event "ODJM A 2019"]
[Site "Willingen GER"]
[Date "2019.06.11"]
[Round "4"]
[White "Isler, Benjamin"]
[Black "Weimert, Miriam"]
[Result "0-1"]
[Termination "normal"]
[Board "45"]
[WhiteElo "1946"]
[BlackElo "1903"]
[PlyCount "52"]
[WhiteFideId "12975478"]
[BlackFideId "12966703"]
[EventCountry "GER"]
[EventRounds "9"]
[EventType "swiss"]
[EventDate "2019.06.08"]

1. e4 c5 2. d4 cxd4 3. c3 dxc3 4. Nxc3 e6 5. Nf3 Nc6 6. Bc4 a6 7. Qe2 Nge7 8.
Bg5 f6 9. Bf4 b5 10. Bxb5 Ng6 11. Bg3 axb5 12. Nxb5 Bb4+ 13. Nd2 O-O 14. Bc7
Qe8 15. O-O Ba6 16. a4 Bxb5 17. axb5 Nd4 18. Qd3 Rxa1 19. Qxd4 Rxf1+ 20. Kxf1
Bxd2 21. Qxd2 d5 22. Qe2 dxe4 23. b4 Qd7 24. b6 Ne7 25. b5 Nd5 26. Qc2 Qxb5+
0-1

[Event "ODJM A 2019"]
[Site "Willingen GER"]
[Date "2019.06.11"]
[Round "4"]
[White "Matthes, Aaron"]
[Black "Leser, Stefan"]
[Result "1-0"]
[Termination "normal"]
[Board "46"]
[WhiteElo "1791"]
[BlackElo "1779"]
[PlyCount "67"]
[WhiteFideId "16227310"]
[BlackFideId "12997706"]
[EventCountry "GER"]
[EventRounds "9"]
[EventType "swiss"]
[EventDate "2019.06.08"]

1. Nf3 Nf6 2. d4 e6 3. c4 d5 4. Nc3 Be7 5. Bg5 O-O 6. e3 b6 7. cxd5 Nxd5 8.
Bxe7 Qxe7 9. Nxd5 exd5 10. Qc2 Be6 11. Bd3 h6 12. O-O Rc8 13. Rac1 c5 14. dxc5
bxc5 15. Rfd1 Nd7 16. Ba6 Rcb8 17. a4 Qf6 18. Bb5 Bf5 19. Qc3 Rc8 20. Rxd5 Qe6
21. Rxd7 a6 22. Rb7 Qe4 23. Bd7 Qxb7 24. Bxf5 Rd8 25. Qxc5 Qxb2 26. Nd4 Qa2 27.
Be4 Qxa4 28. Bxa8 Rxa8 29. Qc6 Qxc6 30. Rxc6 a5 31. Rc3 Kf8 32. Kf1 Ke7 33.
Rc7+ Kd6 34. Rxf7 1-0

[Event "ODJM A 2019"]
[Site "Willingen GER"]
[Date "2019.06.12"]
[Round "5"]
[White "Doll, Alexander"]
[Black "Hesse, Henrik"]
[Result "1/2-1/2"]
[Termination "normal"]
[Board "2"]
[WhiteElo "1991"]
[BlackElo "2166"]
[WhiteClock "00:01:33"]
[BlackClock "00:00:45"]
[PlyCount "74"]
[WhiteFideId "16228294"]
[BlackFideId "12952060"]
[EventCountry "GER"]
[EventRounds "9"]
[EventType "swiss"]
[EventDate "2019.06.08"]

1. e4 {[%clk 1:30:58]} 1... g6 {[%clk 1:30:24]} 2. d4 {[%clk 1:31:22]} 2... Bg7
{[%clk 1:30:43]} 3. Nc3 {[%clk 1:31:47]} 3... d6 {[%clk 1:29:45]} 4. f4 { [%clk
1:31:15]} 4... Nf6 {[%clk 1:26:03]} 5. Nf3 {[%clk 1:30:49]} 5... O-O { [%clk
1:26:16]} 6. Bd3 {[%clk 1:30:47]} 6... c5 {[%clk 1:07:41]} 7. dxc5 { [%clk
1:30:46]} 7... dxc5 {[%clk 1:02:18]} 8. e5 {[%clk 1:29:51]} 8... Nd5 { [%clk
1:00:57]} 9. Nxd5 {[%clk 1:28:43]} 9... Qxd5 {[%clk 1:01:22]} 10. Qe2 { [%clk
1:28:41]} 10... Qc6 {[%clk 0:46:49]} 11. O-O {[%clk 1:21:26]} 11... Qc7 { [%clk
0:41:10]} 12. Bd2 {[%clk 1:06:23]} 12... Nc6 {[%clk 0:39:29]} 13. Rae1 { [%clk
1:02:25]} 13... Bg4 {[%clk 0:31:04]} 14. Bc3 {[%clk 0:59:58]} 14... a6 { [%clk
0:21:27]} 15. Qe3 {[%clk 0:54:05]} 15... Na5 {[%clk 0:19:04]} 16. Qd2 { [%clk
0:42:38]} 16... Nc6 {[%clk 0:17:29]} 17. Qe3 {[%clk 0:38:35]} 17... b6 { [%clk
0:09:58]} 18. h3 {[%clk 0:35:44]} 18... Bxf3 {[%clk 0:09:15]} 19. Rxf3 { [%clk
0:34:34]} 19... e6 {[%clk 0:07:43]} 20. g4 {[%clk 0:29:58]} 20... Ne7 { [%clk
0:08:08]} 21. f5 {[%clk 0:25:33]} 21... Nd5 {[%clk 0:08:07]} 22. Qe4 { [%clk
0:21:00]} 22... Nxc3 {[%clk 0:04:09]} 23. bxc3 {[%clk 0:21:29]} 23... b5 {[%clk
0:04:02]} 24. c4 {[%clk 0:16:26]} 24... b4 {[%clk 0:03:54]} 25. fxe6 { [%clk
0:15:13]} 25... fxe6 {[%clk 0:04:06]} 26. h4 {[%clk 0:14:42]} 26... Rad8 {[%clk
0:01:03]} 27. Rxf8+ {[%clk 0:13:52]} 27... Bxf8 {[%clk 0:01:01]} 28. Qf3 {[%clk
0:08:51]} 28... Rd4 {[%clk 0:00:47]} 29. Re4 {[%clk 0:05:56]} 29... Qd7 {[%clk
0:00:52]} 30. h5 {[%clk 0:04:56]} 30... Rxe4 {[%clk 0:00:46]} 31. Qxe4 { [%clk
0:05:16]} 31... gxh5 {[%clk 0:00:53]} 32. gxh5 {[%clk 0:05:04]} 32... Bh6
{[%clk 0:00:32]} 33. Kf2 {[%clk 0:02:24]} 33... Bf8 {[%clk 0:00:34]} 34. Qg4+ {
[%clk 0:02:13]} 34... Kh8 {[%clk 0:00:50]} 35. Ke2 {[%clk 0:01:28]} 35... Qf7 {
[%clk 0:00:35]} 36. Qg5 {[%clk 0:01:19]} 36... Be7 {[%clk 0:00:45]} 37. Qg4 {
[%clk 0:01:33]} 37... Bf8 1/2-1/2